[Event "Druzynowe Mistrzostwa Polski - II liga"]
[Site "Sypniewo k. Jastrowia"]
[Date "1899-12-30"]
[Round "9.84"]
[White "Korosciel, Aneta"]
[Black "Stochnialek, Dominika"]
[Result "0-1"]
[WhiteTitle "m"]
[BlackTitle "I++"]
[WhiteElo "1966"]
[BlackElo "1706"]

1. d4 Nf6 2. Nf3 d5 3. Bf4 c5 4. c3 Nc6 5. e3 Qb6 6. Qb3 c4 7. Qxb6 axb6 8. Nbd2
b5 9. Be2 Bf5 10. O-O b4 11. h3 h6 12. g4 Bh7 13. Ne5 e6 14. Bg3 Nxe5 15. dxe5
Nd7 16. e4 b5 17. exd5 exd5 18. f4 Nb6 19. cxb4 Bxb4 20. Nf3 Bc5+ 21. Bf2 Bxf2+
22. Kxf2 Be4 23. Nd4 b4 24. Rfc1 Kd7 25. b3 Rhc8 26. Nb5 Rc6 27. Nd6 Rxd6 28.
exd6 c3 29. Bf3 Bxf3 30. Kxf3 Ra3 31. Ke3 Kxd6 32. Kd4 Nd7 33. h4 Nc5 34. Rf1
Ne4 35. f5 Nd2 36. Rh1 Ne4 37. Rhg1 Nd2 38. Rh1 Ne4 39. Rhc1 Nd2 40. Ke3 Kc5 41.
Re1 Ne4 42. Red1 Nd2 43. g5 Ne4 44. gxh6 gxh6 45. Rg1 Nd2 46. Kd3 Kd6 47. Rge1
Nf3 48. Re8 Nxh4 49. f6 Nf5 50. Rb8 Kc5 51. Rf1 Nd6 52. Rf4 Nb5 53. Rc8+ Kb6 54.
Rxb4 Ka5 55. Rh4 Kb6 56. Rxh6 Rxa2 57. Rh5 Rd2+ 58. Ke3 d4+ 59. Kf3 c2 60. Rhc5
Rd3+ 61. Ke4 Rc3 62. R8c6+ Ka5 63. Rxc3 dxc3 64. Rc8 c1=Q 65. Ra8+ Kb4 0-1

[Event "Druzynowe Mistrzostwa Polski - II liga"]
[Site "Sypniewo k. Jastrowia"]
[Date "1899-12-30"]
[Round "9.85"]
[White "Izbinski, Bartlomiej"]
[Black "Nadstoga, Wojciech"]
[Result "1-0"]
[WhiteTitle "m"]
[BlackTitle "I++"]
[WhiteElo "2270"]
[BlackElo "1941"]

1. e4 d6 2. d4 Nf6 3. Nc3 g6 4. Be2 Bg7 5. h4 h5 6. Nh3 c6 7. Ng5 b5 8. a3 Qc7
9. f3 a6 10. Be3 Nbd7 11. Qd2 Bb7 12. g4 c5 13. dxc5 Nxc5 14. gxh5 Nxh5 15. Nd5
Qd8 16. O-O-O Rc8 17. Kb1 e6 18. Nf4 Nxf4 19. Bxf4 d5 20. Be3 Na4 21. exd5 Bxd5
22. Bd4 e5 23. Be3 Bb7 24. Qxd8+ Rxd8 25. Rxd8+ Kxd8 26. Nxf7+ Ke7 27. Nxh8 Bxh8
28. h5 gxh5 29. Rxh5 Bg7 30. Rh7 Kf6 31. Bh6 Bxh6 32. Rxh6+ Kg5 33. Rh7 Bd5 34.
Rd7 Bc6 35. Rd6 Bb7 36. Kc1 Kf4 37. Bd1 Ke3 38. b3 Nc5 39. b4 Na4 1-0

[Event "Druzynowe Mistrzostwa Polski - II liga"]
[Site "Sypniewo k. Jastrowia"]
[Date "1899-12-30"]
[Round "9.86"]
[White "Wesolowski, Edgar"]
[Black "Kowalak, Piotr"]
[Result "0-1"]
[WhiteTitle "I++"]
[BlackTitle "k"]
[WhiteElo "1951"]
[BlackElo "2096"]

1. c4 e5 2. Nc3 Nc6 3. Nf3 g6 4. g3 Bg7 5. Bg2 Nf6 6. O-O O-O 7. d3 d6 8. Rb1 a5
9. a3 Re8 10. Nd2 Ne7 11. e4 c6 12. Qb3 Rb8 13. f4 b5 14. Nf3 Be6 15. fxe5 dxe5
16. Nxe5 Qd4+ 17. Kh1 Qxe5 18. Bf4 bxc4 19. Bxe5 Rxb3 20. Bxf6 Bxf6 21. Rxf6 Reb8
22. Na4 cxd3 23. Rd1 Bc4 24. Bf1 Kg7 25. Rf2 f5 26. Nc5 Rxb2 27. Rxb2 Rxb2 28.
Nxd3 Ra2 29. exf5 Nxf5 30. Ne5 Bd5+ 31. Kg1 Rxa3 32. Rc1 Nd4 33. Bc4 Nf3+ 34.
Nxf3 Rxf3 35. Bxd5 cxd5 36. Rc5 a4 37. Rxd5 a3 38. Ra5 Rb3 39. Ra7+ Kf6 40. Kg2
Rb2+ 41. Kf3 a2 42. h4 h6 43. Kg4 Rf2 44. Ra5 Ke6 45. Kh3 Kd6 46. g4 Kc6 47. Kg3
Rc2 48. Kf4 Kb6 49. Ra8 Kb5 50. Ke5 Rf2 51. h5 gxh5 52. gxh5 Kc4 53. Ke4 Kb3 54.
Ke3 Rf1 55. Rb8+ Kc4 0-1

[Event "Druzynowe Mistrzostwa Polski - II liga"]
[Site "Sypniewo k. Jastrowia"]
[Date "1899-12-30"]
[Round "9.87"]
[White "Kolodziejski, Piotr"]
[Black "Kowalewicz, Kacper"]
[Result "1-0"]
[WhiteTitle "I+"]
[BlackTitle "I+"]
[WhiteElo "2048"]
[BlackElo "1831"]

1. e4 e5 2. Nf3 Nc6 3. Bb5 a6 4. Bxc6 dxc6 5. O-O Bg4 6. h3 h5 7. d3 Qf6 8. Be3
Bxf3 9. Qxf3 Qxf3 10. gxf3 O-O-O 11. Nd2 Ne7 12. Rfb1 g5 13. Kf1 Rg8 14. Nc4 f6
15. b4 Kd7 16. a4 Ke6 17. Ke2 b6 18. Nd2 Ng6 19. c3 Rg7 20. Nb3 Nf4+ 21. Bxf4
gxf4 22. Rg1 Rdd7 23. d4 Rxg1 24. Rxg1 Rg7 25. Rd1 Rd7 26. a5 Rg7 27. dxe5 fxe5
28. Rd8 Be7 29. Ra8 c5 30. bxc5 bxa5 31. Rxa6+ Kd7 32. c6+ Kd6 33. Rxa5 Rg1 34.
Rd5+ Ke6 35. Rd7 Bd6 36. Rh7 Rb1 37. Nd2 Rb6 38. Rxh5 Rxc6 39. Kd3 Ra6 40. Rh6+
Ke7 41. h4 Ra2 42. h5 Bc5 43. Rh7+ Ke6 44. Rxc7 Bxf2 45. h6 Be3 46. Nc4 1-0

[Event "Druzynowe Mistrzostwa Polski - II liga"]
[Site "Sypniewo k. Jastrowia"]
[Date "1899-12-30"]
[Round "9.88"]
[White "Wawrzyniak, Pawel"]
[Black "Komendecki, Jacek"]
[Result "0-1"]
[WhiteTitle "I"]
[BlackTitle "k"]
[WhiteElo "1764"]
[BlackElo "1981"]

1. d4 Nf6 2. c4 e6 3. Nf3 d5 4. Nc3 c6 5. Bg5 Nbd7 6. e3 Qa5 7. Nd2 dxc4 8. Bh4
Nd5 9. Nxc4 Nxc3 10. Nxa5 Nxd1 11. Kxd1 Be7 12. Bxe7 Kxe7 13. Bd3 c5 14. Nb3 cxd4
15. Nxd4 Nc5 16. Bc4 e5 17. Nb5 Bf5 18. Ke2 Rhc8 19. Rhd1 Rc6 20. Nc3 a6 21. Bd5
Rb6 22. b3 e4 23. f3 exf3+ 24. gxf3 Rh6 25. Rh1 Rd8 26. Rad1 b5 27. Rd4 Be6 28.
e4 f5 29. Ke3 fxe4 30. Bxe4 Rxd4 31. Kxd4 Nd7 32. h4 g6 33. Bb7 b4 34. Ne4 Rh5
35. Bxa6 Rd5+ 36. Ke3 Ra5 37. Bc4 Bxc4 38. bxc4 Rxa2 39. h5 Ne5 40. c5 b3 41.
hxg6 hxg6 42. Nd2 Rc2 43. f4 Ng4+ 44. Ke2 Nf2 45. Re1 Kd7 46. Kxf2 Rxd2+ 47. Ke3
Rc2 48. Kd4 b2 49. Rb1 Kc6 50. Kd3 Rf2 51. Ke3 Rg2 52. Kd4 Kb5 53. Re1 Rf2 54.
Ke3 Rc2 55. Rb1 Kxc5 56. Kd3 Rf2 57. Ke4 Kc4 0-1

[Event "Druzynowe Mistrzostwa Polski - II liga"]
[Site "Sypniewo k. Jastrowia"]
[Date "1899-12-30"]
[Round "9.89"]
[White "Komendecki, Antoni"]
[Black "Rusinski, Mateusz"]
[Result "1-0"]
[WhiteTitle "I++"]
[BlackTitle "I"]
[WhiteElo "1845"]
[BlackElo "1751"]

1. e4 e5 2. Nf3 Nc6 3. d4 exd4 4. Nxd4 Nf6 5. Nc3 Bb4 6. Nxc6 bxc6 7. Bd3 h6 8.
O-O O-O 9. e5 Nh7 10. Qg4 Bxc3 11. bxc3 d5 12. Qg3 Kh8 13. Ba3 Re8 14. f4 a5 15.
Rad1 Ba6 16. Bxa6 Rxa6 17. Qd3 Qa8 18. Qf5 Kg8 19. Rfe1 Rb6 20. Qh5 Qd8 21. h4
Rb8 22. f5 Qd7 23. Re2 Rbd8 24. Bc5 Rb8 25. Rde1 Rb2 26. e6 fxe6 27. fxe6 Qc8
28. Qf7+ Kh8 29. Bd4 Rg8 30. e7 Qe8 31. Bxg7+ 1-0

[Event "Druzynowe Mistrzostwa Polski - II liga"]
[Site "Sypniewo k. Jastrowia"]
[Date "1899-12-30"]
[Round "9.90"]
[White "Leszner, Liliana"]
[Black "Karykowska, Anna"]
[Result "0-1"]
[WhiteTitle "WIM"]
[BlackTitle "k+"]
[WhiteElo "1889"]
[BlackElo "1982"]

1. e4 c5 2. Nc3 a6 3. g3 b5 4. Bg2 Bb7 5. d4 cxd4 6. Qxd4 e6 7. Nf3 b4 8. Na4 Nc6
9. Qe3 Nf6 10. h3 Qa5 11. b3 Be7 12. O-O d6 13. Bb2 O-O 14. Nd2 d5 15. c4 bxc3
16. Bxc3 Qd8 17. Qb6 d4 18. Bb2 Qc8 19. Nc5 Ra7 20. Nxb7 Nd7 21. Qxa7 Nxa7 22.
Na5 e5 23. Rac1 Qb8 24. Rfd1 Bb4 25. Nac4 Nb5 26. Nf3 Bc3 27. Bf1 Bxb2 28. Nxb2
Nc3 29. Re1 Nxa2 30. Rc6 Qxb3 31. Nd3 Nb4 32. Nxb4 Qxf3 33. Rxa6 Nc5 34. Rb6 Nxe4
35. Nd3 Nxg3 36. fxg3 e4 37. Bg2 Qxg3 38. Nf2 f5 39. Reb1 e3 40. Nh1 Qe5 41. R6b5
Qe8 42. Ng3 f4 43. Bd5+ Kh8 44. Ne4 f3 45. Ng5 f2+ 46. Kg2 f1=Q+ 47. Rxf1 Rxf1
48. Ra5 e2 0-1

[Event "Druzynowe Mistrzostwa Polski - II liga"]
[Site "Sypniewo k. Jastrowia"]
[Date "1899-12-30"]
[Round "9.91"]
[White "Gierulski, Kamil"]
[Black "Polok, Kacper"]
[Result "0-1"]
[WhiteTitle "k++"]
[BlackTitle "FM"]
[WhiteElo "2270"]
[BlackElo "2245"]

1. d4 e6 2. c4 Nf6 3. g3 Bb4+ 4. Bd2 Qe7 5. Bg2 Nc6 6. Nf3 Bxd2+ 7. Nbxd2 d6 8.
Nf1 e5 9. Ne3 exd4 10. Nxd4 Nxd4 11. Qxd4 O-O 12. O-O Be6 13. Rfd1 Rfd8 14. Rac1
c6 15. Rd2 d5 16. cxd5 Nxd5 17. Rcd1 Rd7 18. Bxd5 cxd5 19. b3 b6 20. Qe5 h6 21.
h4 a5 22. Qd4 Qb4 23. Qe5 a4 24. Nxd5 Qc5 25. e4 axb3 26. axb3 Rad8 27. b4 Qc4
28. Rd4 Qe2 29. Ne7+ Kh7 30. Rxd7 Rxd7 31. Rxd7 Bh3 32. Qf5+ Bxf5 33. exf5 Qe1+
34. Kg2 Qxb4 35. f6 Qe4+ 36. Kg1 gxf6 37. Nd5 Qe6 38. Rd8 b5 39. Kh2 b4 40. Nxb4
Qb6 41. Rd2 Qxb4 42. Rd3 Qg4 43. Re3 f5 44. f4 Kg6 45. Re8 Qf3 46. Rg8+ Kf6 47.
Kg1 h5 48. Kh2 Ke6 49. Re8+ Kd5 50. Ra8 Qf2+ 51. Kh3 Qf1+ 52. Kh2 Ke4 53. Ra3
Qc1 54. Ra2 Kf3 55. Rg2 Qf1 56. Ra2 Kg4 57. Rg2 Qd3 58. Rg1 Qf3 59. Rg2 Qf1 0-1

[Event "Druzynowe Mistrzostwa Polski - II liga"]
[Site "Sypniewo k. Jastrowia"]
[Date "1899-12-30"]
[Round "9.92"]
[White "Jaworski, Miroslaw"]
[Black "Miasik, Adrian"]
[Result "1/2-1/2"]
[WhiteTitle "IM"]
[BlackTitle "I++"]
[WhiteElo "2185"]
[BlackElo "1948"]

1. d4 Nf6 2. c4 g6 3. Nf3 Bg7 4. g3 O-O 5. Bg2 d6 6. Nc3 Nc6 7. O-O e5 8. d5 Nb8
9. Ne1 a5 10. Nd3 Na6 11. h3 Nd7 12. e4 Nac5 13. Be3 f5 14. Nxc5 Nxc5 15. Qd2
f4 16. gxf4 1/2-1/2

[Event "Druzynowe Mistrzostwa Polski - II liga"]
[Site "Sypniewo k. Jastrowia"]
[Date "1899-12-30"]
[Round "9.93"]
[White "Babiarz, Arkadiusz"]
[Black "Helis, Tadeusz"]
[Result "1-0"]
[WhiteTitle "I++"]
[BlackTitle "FM"]
[WhiteElo "2000"]
[BlackElo "2095"]

1. e4 c5 2. Nf3 e6 3. d4 cxd4 4. Nxd4 a6 5. Bd3 Ne7 6. O-O Nbc6 7. Nxc6 Nxc6 8.
Be3 Be7 9. c4 O-O 10. Nc3 d6 11. Rc1 Ne5 12. Be2 Bd7 13. f4 Ng6 14. Qd2 Bc6 15.
Rfd1 a5 16. a4 Bf6 17. Nb5 Bxe4 18. Nxd6 Bc6 19. b3 Nh4 20. Bf1 e5 21. Qf2 exf4
22. Bxf4 Qe7 23. Re1 Qd7 24. Bg3 Qg4 25. h3 Qg5 26. Kh2 Ng6 27. Nf5 h5 28. h4
Qg4 29. Be2 Ne5 30. Bxe5 Bxe5+ 31. g3 Qe4 32. Bxh5 Bxg3+ 33. Kxg3 1-0

[Event "Druzynowe Mistrzostwa Polski - II liga"]
[Site "Sypniewo k. Jastrowia"]
[Date "1899-12-30"]
[Round "9.94"]
[White "Malinowski, Damian"]
[Black "Ciasnocha, Michal"]
[Result "0-1"]
[WhiteTitle "I++"]
[BlackTitle "I++"]
[WhiteElo "2012"]
[BlackElo "1893"]

1. c4 e6 2. Nf3 d5 3. g3 Nf6 4. Bg2 dxc4 5. Qa4+ c6 6. Qxc4 b5 7. Qc2 Bb7 8. O-O
Nbd7 9. d3 a6 10. Rd1 Be7 11. e4 c5 12. Bf4 O-O 13. Nc3 Rc8 14. a4 b4 15. Ne2
c4 16. dxc4 Bxe4 17. Qc1 Qb6 18. b3 Ng4 19. Nfd4 Bxg2 20. Kxg2 e5 21. h3 exf4
22. hxg4 fxg3 23. Kxg3 Ne5 24. f4 Ng6 25. Nf5 Rfe8 26. Ned4 Bc5 27. Qb2 Qf6 28.
Qh2 Re4 29. g5 Qb6 30. a5 Qc7 31. Ne2 Rxf4 32. Nxf4 Qxf4+ 33. Kg2 Qe4+ 0-1

[Event "Druzynowe Mistrzostwa Polski - II liga"]
[Site "Sypniewo k. Jastrowia"]
[Date "1899-12-30"]
[Round "9.95"]
[White "Wasik, Roman"]
[Black "Chrobak, Piotr"]
[Result "1/2-1/2"]
[WhiteTitle "I"]
[BlackTitle "I"]
[WhiteElo "1355"]
[BlackElo "1692"]

1. Nf3 d5 2. d4 c6 3. c4 e6 4. Bf4 Bd6 5. e3 f5 6. Nc3 Nf6 7. Bd3 O-O 8. O-O Ne4
9. Qc2 Be7 10. c5 Nd7 11. Ne5 Nxe5 12. Bxe5 Bf6 13. f4 Bxe5 14. fxe5 Bd7 1/2-1/2

[Event "Druzynowe Mistrzostwa Polski - II liga"]
[Site "Sypniewo k. Jastrowia"]
[Date "1899-12-30"]
[Round "9.96"]
[White "Suchanek, Paulina"]
[Black "Polak, Sylwia"]
[Result "0-1"]
[WhiteTitle "I"]
[BlackTitle "I++"]
[WhiteElo "1547"]
[BlackElo "1481"]

1. e3 d5 2. g3 Nf6 3. Bg2 c5 4. Ne2 Nc6 5. O-O e5 6. d3 Be7 7. b3 O-O 8. Bb2 Be6
9. Nd2 Rc8 10. Rc1 b5 11. Kh1 Qa5 12. a3 Rfd8 13. Nf3 d4 14. e4 c4 15. b4 Qb6
16. Ra1 c3 17. Bc1 a5 18. bxa5 Qxa5 19. Ng5 Bd7 20. f4 Be8 21. fxe5 Nxe5 22. Bf4
Nc6 23. e5 Nd5 24. Bc1 Qa4 25. Be4 h6 26. Nf3 Bc5 27. g4 b4 28. Bxh6 gxh6 29.
axb4 Qxb4 30. Bxd5 Rxd5 31. Nf4 Rxe5 32. Nxe5 Nxe5 33. Qe2 Qb7+ 34. Kg1 Bd6 35.
Ra5 Qc7 36. Ra2 Bc6 37. Nh5 Qb7 38. Rf6 Nf3+ 39. Kf2 Re8 40. Qd1 Re1 41. Qxe1
Nxe1 42. Rxd6 Nf3 43. Rxh6 Ne5 44. Rd6 Qb1 45. Ra5 Qxc2+ 46. Kg3 Qg2+ 47. Kf4
Qxg4+ 48. Kxe5 Qxh5+ 49. Kxd4 Qxa5 50. Rxc6 Qa4+ 51. Rc4 Qxc4+ 52. dxc4 c2 53.
c5 c1=Q 54. Kd5 Qh1+ 55. Kd6 Qxh2+ 56. Kd7 Qd2+ 57. Kc7 f5 58. c6 f4 59. Kb8 Qd8+
60. Kb7 f3 0-1

[Event "Druzynowe Mistrzostwa Polski - II liga"]
[Site "Sypniewo k. Jastrowia"]
[Date "1899-12-30"]
[Round "9.97"]
[White "Dziewonski, Dariusz"]
[Black "Sopur, Lech"]
[Result "0-1"]
[WhiteTitle "I++"]
[BlackTitle "m"]
[WhiteElo "2015"]
[BlackElo "2413"]

1. e4 c5 2. Nf3 Nc6 3. d4 cxd4 4. Nxd4 g6 5. Nc3 Bg7 6. Be3 Nf6 7. Bc4 O-O 8. Bb3
Re8 9. O-O d6 10. h3 Na5 11. f4 b6 12. e5 Nxb3 13. axb3 dxe5 14. fxe5 Nd5 15.
Qf3 Nxe3 16. Qxe3 Bb7 17. Nf3 Qc7 18. Nb5 Qc6 19. c4 a6 20. Nc3 b5 21. c5 Qe6
22. Ne4 h6 23. Ned2 Rad8 24. Rad1 Rd5 25. Nb1 Bxe5 26. Rde1 Qc6 27. Qxh6 Qxc5+
28. Kh1 Bxb2 29. Re6 Bg7 30. Rxg6 fxg6 31. Qxg6 Qc6 32. Qg4 Qd7 33. Qh4 Rd1 34.
Ng5 Rxf1+ 35. Kh2 Be5+ 36. g3 Rh1# 0-1

[Event "Druzynowe Mistrzostwa Polski - II liga"]
[Site "Sypniewo k. Jastrowia"]
[Date "1899-12-30"]
[Round "9.98"]
[White "Strzelecki, Jerzy"]
[Black "Maj, Samuel"]
[Result "0-1"]
[WhiteTitle "k"]
[BlackTitle "I"]
[WhiteElo "1924"]
[BlackElo "1839"]

1. Nf3 Nf6 2. c4 g6 3. d4 Bg7 4. Nc3 d6 5. Bg5 O-O 6. e3 c5 7. d5 e6 8. Be2 exd5
9. cxd5 Bg4 10. O-O a6 11. a4 Bxf3 12. Bxf3 Nbd7 13. a5 Qc7 14. Qc2 Rab8 15. h3
c4 16. Rfd1 Nc5 17. Bf4 Rfd8 18. Ra3 Nb3 19. Nb1 Rbc8 20. Nd2 Nxd2 21. Rxd2 Nd7
22. Be2 Ne5 23. Rd4 Nd3 24. Bxd3 Bxd4 25. exd4 cxd3 26. Qxd3 Qc4 27. Qe3 Qxd5
28. Rb3 Rd7 29. Rc3 Rdd8 30. Bg5 Re8 31. Rxc8 Rxc8 32. Bf6 Qf5 33. Bh4 Qxa5 34.
Qe7 Qd5 35. Bg3 b5 36. b4 Qe6 37. Qb7 d5 38. Be5 h5 39. h4 Qg4 40. g3 Qh3 41.
Bf4 Qe6 42. Be5 f6 43. Bf4 Re8 44. Be3 Re7 45. Qb8+ Kg7 46. Qf4 Qf5 47. Qd6 Qe4
48. Kh2 Qe6 49. Qf4 Kg8 50. Qb8+ Re8 51. Qf4 Qe7 52. Kg1 Kf7 53. Kh2 Qxb4 54.
Qh6 Qf8 55. Qf4 Qe7 0-1

[Event "Druzynowe Mistrzostwa Polski - II liga"]
[Site "Sypniewo k. Jastrowia"]
[Date "1899-12-30"]
[Round "9.99"]
[White "Pietrzak, Tomasz"]
[Black "Gradowski, Jacek"]
[Result "0-1"]
[WhiteTitle "I"]
[BlackTitle "I+"]
[WhiteElo "1757"]
[BlackElo "2058"]

1. c4 Nf6 2. Nf3 e6 3. g3 d5 4. Bg2 Be7 5. O-O O-O 6. d4 b6 7. Nc3 Bb7 8. cxd5
exd5 9. Bf4 c6 10. Ne5 Nbd7 11. a3 Nxe5 12. Bxe5 Nd7 13. Bf4 Re8 14. b4 a6 15.
Qb3 Bf6 16. Rfd1 b5 17. e4 Nb6 18. e5 Be7 19. g4 f6 20. Ne2 a5 21. Ng3 fxe5 22.
Bxe5 Nc4 23. f4 Qb6 24. Nf5 Bf8 25. Kh1 Bc8 26. h3 Bxf5 27. gxf5 axb4 28. axb4
Rxa1 29. Rxa1 Nxe5 30. dxe5 Qd4 31. Rf1 Bxb4 32. f6 gxf6 33. exf6 Bf8 34. Qg3+
Kf7 35. Bf3 Re3 36. Bh5+ Kxf6 37. Qg5+ Ke6 38. Qg8+ Kd7 39. Bg4+ Ke7 40. Qxh7+
Bg7 41. Qh4+ Bf6 42. Qh7+ Kd6 43. Qd7+ Kc5 44. Qa7+ Kb4 45. Qa2 Rb3 46. Bf3 Rb2
47. Qa6 Qd2 0-1

[Event "Druzynowe Mistrzostwa Polski - II liga"]
[Site "Sypniewo k. Jastrowia"]
[Date "1899-12-30"]
[Round "9.101"]
[White "Soliwoda, Zygmunt"]
[Black "Szmacinski, Slawomir"]
[Result "1-0"]
[WhiteTitle "II+"]
[BlackTitle "I"]
[WhiteElo "1593"]
[BlackElo "1857"]

1. d4 Nf6 2. c4 e6 3. Nc3 Bb4 4. Qc2 d5 5. Bg5 c5 6. Nf3 Nc6 7. cxd5 Nxd4 8. Nxd4
Bxc3+ 9. Qxc3 cxd4 10. Qxd4 Qa5+ 11. Qd2 Qxd2+ 12. Bxd2 Nxd5 13. e4 Nf6 14. Bc3
Bd7 15. Bd3 Bc6 16. f3 O-O 17. Bxf6 gxf6 18. Rd1 Rfd8 19. Ke2 Rd4 20. Rd2 Rad8
21. Rhd1 Kf8 22. Ke3 Ke7 23. Bc2 Rxd2 24. Rxd2 Rxd2 25. Kxd2 Kd6 26. Ke3 Ke5 27.
g4 h6 28. h4 Kd6 29. f4 e5 30. b4 exf4+ 31. Kxf4 Bd7 32. Bb3 Be6 33. Bxe6 fxe6
34. a4 b6 35. b5 e5+ 36. Kf5 Ke7 37. Kg6 Ke6 38. Kxh6 Kf7 39. Kh7 Kf8 40. Kg6
Ke7 41. h5 Ke8 1-0

[Event "Druzynowe Mistrzostwa Polski - II liga"]
[Site "Sypniewo k. Jastrowia"]
[Date "1899-12-30"]
[Round "9.102"]
[White "Szmacinska, Grazyna"]
[Black "Uliasz, Katarzyna"]
[Result "0-1"]
[WhiteTitle "WIM"]
[BlackTitle "I++"]
[WhiteElo "2056"]
[BlackElo "1569"]

1. d4 Nf6 2. Nf3 g6 3. g3 Bg7 4. Bg2 O-O 5. O-O d6 6. c4 Nbd7 7. Qc2 e5 8. Rd1
Re8 9. Nc3 c6 10. e4 Qe7 11. d5 c5 12. a3 Nh5 13. b4 b6 14. Be3 Rf8 15. Nb5 a6
16. Nc3 f5 17. bxc5 bxc5 18. exf5 gxf5 19. Bg5 Qf7 20. Bh4 h6 21. Nd2 Rb8 22.
Rab1 Rxb1 23. Rxb1 Qg6 24. f3 Bf6 25. Bxf6 Nhxf6 26. Bh3 Nh5 27. Nf1 Nf4 28. Bg2
Nxg2 29. Kxg2 e4 30. f4 Qf6 31. Ne2 h5 32. Ne3 Qg7 33. Qc3 Qxc3 34. Nxc3 Kf7 35.
Nxf5 Nf6 36. Nxd6+ Ke7 37. Nxc8+ Rxc8 38. Rb7+ Kd8 39. Rf7 Ng4 40. Nxe4 Ne3+ 41.
Kf3 Nxc4 42. f5 Ne5+ 43. Kf4 Nxf7 44. h3 c4 45. Nc3 Rb8 46. Ke4 Rb3 47. Kd4 Rxa3
48. g4 hxg4 49. hxg4 Nh6 0-1